[Event "IM"]
[Site "Stockholm SWE"]
[Date "2000.06.14"]
[Round "5"]
[White "Hjelm,N"]
[Black "Eriksson,Joh"]
[Result "1/2-1/2"]
[WhiteElo "2347"]
[BlackElo "2364"]

1.d4 Nf6 2.c4 g6 3.Nc3 Bg7 4.e4 d6 5.Be2 O-O 6.Nf3 e5 7.O-O Nc6 8.d5 Ne7
9.Ne1 Nd7 10.Be3 f5 11.f3 f4 12.Bf2 g5 13.a4 a5 14.Nd3 b6 15.b4 axb4 16.Nxb4 Nf6
17.Nd3 h5 18.Nb5 Bd7 19.Be1 g4 20.a5 bxa5 21.Rxa5 Rb8 22.Na7 g3 23.c5 Nfxd5
24.hxg3 Ne3 25.Qd2 Nxf1 26.Bxf1 fxg3 27.Bxg3 Ng6 28.Nb4 Rxb4 29.Qxb4 Qg5
30.Kf2 Bh6 31.Ra3 h4 32.Bh2 Qf6 33.cxd6 Qxd6 34.Qxd6 cxd6 35.Ra6 Rf6 36.Bb5 Bxb5
37.Nxb5 Bf8 38.Nc3 Rf7 39.Nd5 Rb7 40.Rb6 Rxb6 41.Nxb6 Kf7 42.Nd5 Ke6 43.f4 exf4
44.Nxf4+ Nxf4 45.Bxf4 d5 46.exd5+ Kxd5 47.Kf3 Ke6 48.Kg4 Kf7 49.Kxh4 Kg8
50.Kh5  1/2-1/2

[Event "IM"]
[Site "Stockholm SWE"]
[Date "2000.06.18"]
[Round "9"]
[White "Dzevlan,M"]
[Black "Olsson,An"]
[Result "1-0"]
[WhiteElo "2414"]
[BlackElo "2222"]

1.d4 Nf6 2.c4 g6 3.Nc3 Bg7 4.e4 d6 5.Nf3 O-O 6.Be2 e5 7.O-O Nc6 8.Be3 exd4
9.Nxd4 Re8 10.f3 Nh5 11.Qd2 Nf4 12.Kh1 Nxe2 13.Ndxe2 a5 14.Nd5 Be6 15.Rac1 a4
16.Rfd1 Ne5 17.Nd4 Ra6 18.Bg5 f6 19.Nxe6 Rxe6 20.Be3 b6 21.Nf4 Re8 22.c5 bxc5
23.Bxc5 Kh8 24.Bd4 Bh6 25.Nxg6+ Kg7 26.Nf4 c5 27.Be3 Bxf4 28.Bxf4 Qe7 29.Qc2 Rb8
30.Rd2 Qe6 31.Rd5 Rab6 32.Bxe5 fxe5 33.Qxa4 Rxb2 34.Rcd1 R8b4 35.Qa7+ Rb7
36.Qa8 c4 37.Qa5 Qh6 38.h3 Qg5 39.R5d2 Rb1 40.Rxd6 Qe7 41.Kh2 R1b2 42.Qc3 Qg5
43.R6d2 Qf4+ 44.g3 Rxd2+ 45.Rxd2 Qf6 46.Qxc4 Qxf3 47.Qd5 Rc7 48.a4 Qc3 49.Rf2 h6
50.h4 Qe3 51.Kg2 Kh7 52.a5 Qc3 53.Rf7+ Rxf7 54.Qxf7+ Kh8 55.Qf8+ Kh7 56.Qf7+ Kh8
57.a6 Qd4 58.h5  1-0

[Event "zt 1.4"]
[Site "Budapest HUN"]
[Date "2000.06.19"]
[Round "3"]
[White "Grigore,G"]
[Black "Socko,B"]
[Result "1-0"]
[WhiteElo "2521"]
[BlackElo "2556"]

1.d4 Nf6 2.c4 g6 3.Nc3 Bg7 4.e4 d6 5.Be2 O-O 6.Nf3 e5 7.O-O Nc6 8.d5 Ne7
9.Nd2 a5 10.a3 Bd7 11.b3 c5 12.Rb1 Ne8 13.b4 axb4 14.axb4 b6 15.bxc5 bxc5
16.Nb3 f5 17.Bd2 Nf6 18.f3 f4 19.Ra1 Rxa1 20.Qxa1 g5 21.Qa5 Qe8 22.Nb5 Nc8
23.Qc7 Qe7 24.Na5 Rf7 25.Nc6 Qe8 26.Ra1 Bf8 27.Ra8 g4 28.Qd8 gxf3 29.Qxe8 Nxe8
30.gxf3 Be7 31.Nxe7+ Rxe7 32.Bf1 Rg7+ 33.Kf2 Rg6 34.Ba5 Rh6 35.Kg1 Rg6+ 36.Kf2 Rh6
37.Kg1 Rg6+ 38.Kh1 Kf8 39.Bd8 Rg7 40.Rb8 Rg6 41.Rb7 Rg7 42.Bh4 Kg8 43.Rxd7 Rxd7
44.Bh3 Nb6 45.Bxd7 Nxd7 46.Be7 Kf7 47.Bxd6 Nxd6 48.Nxd6+ Kf6 49.Kg2 Kg5 50.Kh3 Kg6
51.Kg4 Nb6 52.Nb7 Nd7 53.Nd8 Nb6 54.Nb7 Nd7 55.Kh4 Kh6 56.Nd8 Kg6 57.Ne6 Kh6
58.Kg4 Kg6 59.Kh4 Kh6 60.Kh3 Kh5 61.Kg2 Kh4 62.Kf2 Kh5 63.Kg2 Kh4 64.d6 Kh5
65.Kh3 Kg6 66.Kh4 Kf6 67.Nc7 Kg6 68.Nd5 Kh6 69.Ne7 Nb6 70.Kg4 Kg7 71.Nd5 Nd7
72.Kf5 Kf7 73.Ne7 Nb6 74.Nc6  1-0

[Event "Rapid Tournament g/30"]
[Site "Herford GER"]
[Date "2000.06.24"]
[Round "1"]
[White "Epishin,V"]
[Black "Schumacher,D"]
[Result "1-0"]
[WhiteElo "2667"]
[BlackElo "2062"]

1.d4 Nf6 2.c4 g6 3.Nc3 Bg7 4.e4 d6 5.Nf3 O-O 6.Be2 e5 7.O-O Nc6 8.d5 Ne7
9.b4 Ne8 10.Re1 f5 11.Ng5 h6 12.Ne6 Bxe6 13.dxe6 Nf6 14.Bf3 f4 15.c5 d5 16.exd5 e4
17.d6 cxd6 18.cxd6 exf3 19.dxe7 Qxe7 20.Qxf3 Qxb4 21.Rb1 Qc4 22.Rxb7 g5 23.h3 h5
24.Ne4 Qxe6 25.Nxf6+ Qxf6 26.Bb2 Qxb2 27.Rxb2 Bxb2 28.Qb3+  1-0

[Event "White Nights Open"]
[Site "St Petersburg RUS"]
[Date "2000.06.25"]
[Round "3"]
[White "Novikov,M"]
[Black "Gladyszev,O"]
[Result "1-0"]
[WhiteElo "2408"]
[BlackElo "2349"]

1.d4 Nf6 2.Nf3 g6 3.c4 Bg7 4.Nc3 O-O 5.e4 d6 6.Be2 e5 7.O-O Nc6 8.d5 Ne7
9.b4 Nh5 10.g3 f5 11.Ng5 Nf6 12.f3 Kh8 13.Be3 f4 14.Bf2 fxg3 15.hxg3 Nh5
16.Qd2 Ng8 17.Kg2 Qe7 18.Rh1 h6 19.Nh3 Qf7 20.Be3 g5 21.Nxg5 Qg6 22.Rxh5 Qxh5
23.f4 Qe8 24.f5 Nf6 25.Rh1 Kg8 26.Nh3 Nxe4 27.Nxe4 Bxf5 28.Nef2 Qg6 29.Ng1 Be4+
30.Nxe4 Qxe4+ 31.Nf3 Rf6 32.Qd3 Qxd3 33.Bxd3 e4 34.Bxe4 Re8 35.Rh4 Rf7 36.Nd4 Bxd4
37.Bxd4 Rfe7 38.Bg6 Re2+ 39.Kf3  1-0

[Event "White Nights Open"]
[Site "St Petersburg RUS"]
[Date "2000.07.02"]
[Round "9"]
[White "Smirnov,Ar"]
[Black "Gladyszev,O"]
[Result "1/2-1/2"]
[WhiteElo "2210"]
[BlackElo "2349"]

1.d4 Nf6 2.c4 g6 3.Nc3 Bg7 4.e4 d6 5.Nf3 O-O 6.Be2 e5 7.O-O Nc6 8.d5 Ne7
9.Ne1 Nd7 10.Be3 f5 11.f3 f4 12.Bf2 g5 13.Nb5 b6 14.b4 a6 15.Nc3 Ng6 16.a4 a5
17.bxa5 Rxa5 18.Nd3 Nf6 19.Be1 Ra8 20.Nf2 h5 21.h3 Rf7 22.a5 bxa5 23.Nb5 Bf8
24.Rxa5 Rxa5 25.Bxa5 Ne8 26.Qb3 Bd7 27.Rb1 Nh4 28.c5 g4 29.c6 Bc8 30.hxg4 hxg4
31.Nxg4 Qg5 32.Na7 Bxg4 33.fxg4 Nf6 34.Bf3 Rh7 35.Nb5 Nxg4 36.Bxg4 Nxg2 37.Qf3 Ne3
38.Rb2 Rh4 39.Rg2 Rxg4 40.Rxg4 Nxg4 41.Nxc7  1/2-1/2

[Event "Equitable Card Invitational"]
[Site "Quezon City PHI"]
[Date "2000.07.03"]
[Round "4"]
[White "Torre,E"]
[Black "Mariano,N"]
[Result "1/2-1/2"]
[WhiteElo "2557"]
[BlackElo "2403"]

1.d4 Nf6 2.c4 g6 3.Nc3 Bg7 4.e4 d6 5.Nf3 O-O 6.Be2 e5 7.O-O Nc6 8.d5 Ne7
9.b4 Kh8 10.c5 Neg8 11.Nd2 Ne8 12.a4 f5 13.Ba3 Nh6 14.b5 f4 15.a5 g5 16.b6 cxb6
17.axb6 g4 18.Bd3 axb6 19.cxd6 Rf6 20.Qb3 g3 21.Ne2  1/2-1/2

[Event "FSIMB July"]
[Site "Budapest HUN"]
[Date "2000.07.04"]
[Round "4"]
[White "Dub,Z"]
[Black "Rajlich,V"]
[Result "1-0"]
[WhiteElo "2158"]
[BlackElo "2309"]

1.d4 Nf6 2.Nf3 g6 3.c4 Bg7 4.Nc3 O-O 5.e4 d6 6.Be2 e5 7.O-O Nc6 8.d5 Ne7
9.b4 Nh5 10.Re1 Nf4 11.Bf1 a5 12.bxa5 Rxa5 13.Nd2 c5 14.Rb1 f5 15.g3 Nh5
16.exf5 Nxf5 17.g4 Nh4 18.gxh5 Bh6 19.Nce4 Bxd2 20.Nxd2 Rxa2 21.Rb3 Qf6 22.Ne4 Qf5
23.Bg5 Nf3+ 24.Rxf3 Qxf3 25.Qxf3 Rxf3 26.Nxd6 Bf5 27.Be3 Bh3 28.Nxb7 Bxf1
29.Kxf1 Rh3 30.Kg2 Rxh5 31.Nxc5 Rc2 32.Nd7 Kf7 33.c5 Rc4 34.c6 Rg4+ 35.Kf3 Rc4
36.Bc5 e4+ 37.Rxe4 Rh3+ 38.Kg2 Rxe4 39.Kxh3 Re8 40.c7 Rc8 41.Bb6  1-0

[Event "FSIMB July"]
[Site "Budapest HUN"]
[Date "2000.07.05"]
[Round "5"]
[White "Yu Mingyuan"]
[Black "Farago,S"]
[Result "0-1"]
[WhiteElo "2419"]
[BlackElo "2271"]

1.d4 Nf6 2.c4 g6 3.Nc3 Bg7 4.e4 d6 5.Nf3 O-O 6.Be2 e5 7.O-O Nc6 8.d5 Ne7
9.b4 Nh5 10.Re1 Nf4 11.Bf1 c6 12.dxc6 bxc6 13.Ba3 Ne6 14.Qd2 a5 15.bxa5 c5
16.Nd5 Nxd5 17.cxd5 Nd4 18.Nxd4 exd4 19.e5 Qxa5 20.Qxa5 Rxa5 21.exd6 Rxa3
22.Bb5 Rd8 23.Re8+ Rxe8 24.Bxe8 Bf5 25.Bb5 d3 26.d7 Bf6 27.Rd1 Rxa2 28.g4 Bxg4
29.Rxd3 Ra7  0-1

[Event "29th ch-GRE Team"]
[Site "Athens GRE"]
[Date "2000.07.07"]
[Round "2"]
[White "Rychagov,A"]
[Black "Anagnostopoulos,D"]
[Result "1/2-1/2"]
[WhiteElo "2506"]
[BlackElo "2459"]

1.d4 d6 2.Nf3 g6 3.c4 Bg7 4.Nc3 Nf6 5.e4 O-O 6.Be2 e5 7.O-O Nc6 8.d5 Ne7
9.Nd2 a5 10.a3 Nd7 11.Rb1 f5 12.b4 Kh8 13.Qc2 Nf6 14.Rd1 axb4 15.axb4 c6
16.c5 fxe4 17.cxd6 Nexd5 18.Ndxe4 Bf5 19.Bd3 Nxe4 20.Nxe4 Bxe4 21.Bxe4 Qxd6
22.b5 Rfd8 23.Bg5 Bf6 24.Bxd5 cxd5 25.Rxd5 Qxd5 26.Bxf6+ Kg8 27.Bxd8 Rxd8
28.h3 Kg7 29.Qe2 Qc5 30.b6 Rd5 31.Qf3 Qc2 32.Ra1 Qd3 33.Qxd3 Rxd3 34.Rc1 Rd7
35.Rc7  1/2-1/2

[Event "ch-POL women"]
[Site "Brzeg Dolny POL"]
[Date "2000.07.08"]
[Round "3"]
[White "Zielinska,Mar"]
[Black "Socko,M"]
[Result "1-0"]
[WhiteElo "2376"]
[BlackElo "2403"]

1.d4 Nf6 2.Nf3 g6 3.c4 Bg7 4.Nc3 d6 5.e4 O-O 6.Be2 e5 7.O-O Nc6 8.d5 Ne7
9.b4 a5 10.Ba3 axb4 11.Bxb4 Nd7 12.a4 Bh6 13.a5 f5 14.Nd2 Nf6 15.c5 Bxd2
16.Qxd2 Nxe4 17.Nxe4 fxe4 18.cxd6 cxd6 19.Rfb1 Nf5 20.Bc3 Qf6 21.Bf1 Nh4
22.Rb4 Bh3 23.Qe3 Rac8 24.Ra3 Nf3+ 25.gxf3 Bxf1 26.Kxf1 exf3 27.Rxb7 Qh4
28.Rb4 Rc4 29.Rxc4 Qxc4+ 30.Ke1 Rf4 31.Kd2 Qxd5+ 32.Kc2 Qc6 33.Kb2 Re4 34.Qxf3 d5
35.Rb3 Rf4 36.Qe2 d4 37.Bd2 Rf5 38.Qb5 Qe6 39.Qb6 Qc4 40.Qb5 Qe6 41.Qb8+ Rf8
42.Qc7 Rf7 43.Rb8+ Kg7 44.Qd8  1-0

[Event "t-EuCh U18"]
[Site "Balatonlelle HUN"]
[Date "2000.07.11"]
[Round "3"]
[White "Flumbort,A"]
[Black "Kukel,Imre jr"]
[Result "1-0"]
[WhiteElo "2355"]
[BlackElo "2220"]

1.d4 Nf6 2.c4 g6 3.Nc3 Bg7 4.e4 d6 5.Be2 O-O 6.Nf3 e5 7.O-O Nc6 8.Be3 Bg4
9.d5 Ne7 10.h3 Bxf3 11.Bxf3 Nd7 12.Be2 f5 13.f3 Nf6 14.g4 h6 15.Qd2 Kh7 16.exf5 gxf5
17.Bd3 Nfg8 18.Bc2 Kh8 19.Rae1 a6 20.a4 Qd7 21.Kh2 Rf7 22.Rg1 Bf6 23.Re2 Bh4
24.Reg2 Re8 25.a5 c6 26.Rd1 c5 27.Ba4 Qc8 28.Bxe8 Qxe8 29.Rb1 Qf8 30.b4 cxb4
31.Rxb4 f4  1-0

[Event "t-EuCh U18"]
[Site "Balatonlelle HUN"]
[Date "2000.07.11"]
[Round "3"]
[White "Szeberenyi,A"]
[Black "Pinter,E"]
[Result "1-0"]
[WhiteElo "2357"]
[BlackElo "2238"]

1.d4 Nf6 2.c4 g6 3.Nc3 Bg7 4.e4 d6 5.Nf3 O-O 6.Be2 e5 7.O-O Nc6 8.d5 Ne7
9.b4 Nh5 10.Re1 h6 11.c5 f5 12.Nd2 Nf4 13.Bf1 g5 14.Nc4 g4 15.Ne3 h5 16.g3 Nfg6
17.exf5 Nxf5 18.Nxf5 Bxf5 19.Ne4 Nh8 20.Bg5 Qd7 21.Bg2 Kh7 22.Qd2 Kg6 23.Rac1 Nf7
24.c6 bxc6 25.Rxc6 Rac8 26.Rec1 Nxg5 27.Qxg5+ Kh7 28.Qxh5+ Kg8 29.Ng5 Rf6
30.Ne6 Bxe6 31.dxe6 Qxe6 32.Bf1 Rh6 33.Qg5 Qf6 34.Qxf6 Rxf6 35.Rxc7 Rcf8
36.Bc4+ Kh8 37.Rc2 e4 38.Re7 Rc8 39.Rxe4 d5 40.Bd3 Rb8 41.Rxg4 Rf3 42.Rc7  1-0

[Event "2nd ShakkiNet GM"]
[Site "Helsinki FIN"]
[Date "2000.07.11"]
[Round "2"]
[White "Gavrikov,Vi"]
[Black "Sepp,O"]
[Result "0-1"]
[WhiteElo "2563"]
[BlackElo "2414"]

1.c4 g6 2.d4 Nf6 3.Nc3 Bg7 4.e4 d6 5.Nf3 O-O 6.Be2 e5 7.O-O Nc6 8.d5 Ne7
9.Kh1 Ne8 10.Ne1 f5 11.exf5 gxf5 12.f4 Ng6 13.g3 Qe7 14.a4 Nf6 15.Ra3 Bd7
16.Ng2 Rae8 17.Bf3 Ng4 18.Nb5 exf4 19.gxf4 Nh4 20.Nxh4 Qxh4 21.Qd2 Bxb5 22.axb5 Rf7
23.Qg2 Rfe7 24.Bd2 Bxb2 25.Rxa7 Bd4 26.Rxb7 Rg7 27.Bxg4 Rxg4 28.Qf3 Rg7 29.b6 Bxb6
30.c5 Bxc5 31.Rbb1 Qg4 32.Qxg4 Rxg4 33.Bb4 Bxb4 34.Rxb4 Re7 35.Rc1 Rgg7 36.Rb8+ Kf7
37.Rc8 Kf6 38.Rf8+ Rgf7 39.Rc8 Rg7 40.Rf8+ Rgf7 41.Rc8 h6 42.Kg2 Re2+ 43.Kg3 Rg7+
44.Kf3 Rge7 45.Rc3 Rxh2 46.R3xc7 Rh3+ 47.Kf2 Rxc7 48.Rxc7 Rd3 49.Rh7 Kg6
50.Rd7 Rxd5 51.Ke3 Kh5 52.Rd8 Kh4 53.Rf8 h5 54.Rf6 Kh3 55.Kf3 h4 56.Rh6 Rd3+
57.Ke2 Ra3  0-1

[Event "t-EuCh U18"]
[Site "Balatonlelle HUN"]
[Date "2000.07.12"]
[Round "4"]
[White "Eljanov,P"]
[Black "Langheinrich,F"]
[Result "1-0"]
[WhiteElo "2487"]
[BlackElo "2384"]

1.d4 Nf6 2.c4 g6 3.Nc3 Bg7 4.e4 d6 5.Be2 O-O 6.Nf3 e5 7.O-O Nc6 8.d5 Ne7
9.b4 Nh5 10.Re1 Nf4 11.Bf1 a5 12.bxa5 c5 13.a4 Rxa5 14.Ra3 Ra6 15.Nb5 h6
16.Nd2 g5 17.g3 Nfg6 18.Be2 f5 19.exf5 Nxf5 20.Bh5 Nge7 21.Bg4 Bd7 22.Ne4 Be8
23.Bh5 Ng6 24.Qg4 Nfe7 25.Qh3 Nf5 26.Rf3 Nge7 27.Bxg5 hxg5 28.Nxg5 Bxh5 29.Qxh5 Nh6
30.Ne6 Qa5 31.Rxf8+ Bxf8 32.Re3 Nhf5 33.Ng5 Nh6 34.Kg2 Qxa4 35.Rf3 Qc2 36.Rxf8+ Kxf8
37.Ne6+ Kg8 38.Qe8+  1-0

[Event "ch-POL women"]
[Site "Brzeg Dolny POL"]
[Date "2000.07.12"]
[Round "7"]
[White "Zielinska,Mar"]
[Black "Blimke,D"]
[Result "1-0"]
[WhiteElo "2376"]
[BlackElo "2257"]

1.d4 Nf6 2.Nf3 g6 3.c4 Bg7 4.Nc3 d6 5.e4 O-O 6.Be2 e5 7.O-O Nc6 8.d5 Ne7
9.b4 a5 10.Ba3 axb4 11.Bxb4 Nd7 12.a4 Bh6 13.a5 f5 14.Bd3 Kh8 15.Re1 Nf6
16.c5 fxe4 17.cxd6 cxd6 18.Nxe4 Nxe4 19.Bxe4 Nf5 20.Rb1 Qf6 21.Bc3 Bg7 22.Rb6 Nd4
23.Bb4 Rd8 24.Nxd4 exd4 25.Bd3 Bf8 26.Bb5 Ra7 27.Re4 Bg7 28.Qe1 Bf5 29.Re7 Bf8
30.Rbxb7 Rxb7 31.Rxb7 Bg7 32.a6 d3 33.Rxg7 Qxg7 34.Bc3  1-0

[Event "zt 2.32"]
[Site "Guatemala City GUA"]
[Date "2000.07.14"]
[Round "1"]
[White "Bermudez,S"]
[Black "Minero,S"]
[Result "0-1"]
[WhiteElo "2185"]
[BlackElo "2405"]

1.d4 Nf6 2.c4 g6 3.Nc3 Bg7 4.e4 d6 5.Nf3 O-O 6.Be2 e5 7.O-O Nc6 8.d5 Ne7
9.b4 a5 10.bxa5 c5 11.Nd2 Rxa5 12.Nb3 Ra6 13.a4 Nd7 14.Bd2 f5 15.f3 Nf6 16.Qe1 Kh8
17.Bd3 f4 18.Nb5 Ne8 19.Ba5 Qd7 20.Bc2 g5 21.Bc3 g4 22.fxg4 Qxg4 23.Bd1 Qg5
24.Nd2 Ng6 25.Nf3 Qe7 26.Bb2 Nf6 27.Nh4 Nxh4 28.Qxh4 Nxd5 29.Qxe7 Nxe7 30.Ra3 Be6
31.Be2 Bf7 32.Rd1 Rd8 33.Bc3 Kg8 34.Rb3 Bg6 35.Nc7 Bxe4 36.Nxa6 bxa6 37.Rb6 Nf5
38.Rxa6 Nd4 39.Bxd4 cxd4 40.Ra7 Ba8 41.Bg4 e4 42.Be6+ Kh8 43.Rb1 d3 44.Kf1 e3
45.Rb3 Be4 46.Bd5 d2 47.Ke2  0-1

[Event "2nd ShakkiNet GM"]
[Site "Helsinki FIN"]
[Date "2000.07.14"]
[Round "5"]
[White "Karttunen,M"]
[Black "Sepp,O"]
[Result "1-0"]
[WhiteElo "2313"]
[BlackElo "2414"]

1.d4 Nf6 2.c4 g6 3.Nc3 Bg7 4.e4 d6 5.Nf3 O-O 6.Be2 e5 7.O-O Nc6 8.d5 Ne7
9.b4 Nh5 10.Qc2 a5 11.bxa5 Nf4 12.Nd2 Nxe2+ 13.Nxe2 Rxa5 14.Bb2 c6 15.Nb3 Ra6
16.f4 cxd5 17.cxd5 f6 18.a4 Bd7 19.a5 b6 20.Qc4 Qc8 21.Qb4 Qb8 22.fxe5 fxe5
23.Rxf8+ Bxf8 24.Bc1 Qc7 25.Bd2 bxa5 26.Nxa5 Qa7+ 27.Kh1 Qf2 28.Ng1 Rb6 29.Qc3 Rb5
30.Nc4 Nc8 31.Nf3 Rc5 32.Qb3 Bb5 33.Ne3 Qe2 34.Bb4 Rc7 35.Ng4 Kg7 36.Re1 Qc4
37.Qb2 Ra7 38.Nfxe5 Ra2 39.Nxc4+ Rxb2 40.Nxb2  1-0

[Event "ch-SCCF"]
[Site "Los Angeles USA"]
[Date "2000.07.15"]
[Round "6"]
[White "Lakdawala,C"]
[Black "Peters,Joh"]
[Result "1/2-1/2"]
[WhiteElo "2441"]
[BlackElo "2462"]

1.Nf3 Nf6 2.c4 g6 3.Nc3 Bg7 4.e4 d6 5.d4 O-O 6.Be2 e5 7.O-O Nc6 8.d5 Ne7
9.Ne1 Nd7 10.Be3 f5 11.f3 f4 12.Bf2 g5 13.Rc1 Ng6 14.c5 Nxc5 15.b4 Na6 16.Nb5 Bd7
17.a4 Rf7 18.Nd3 Qb8 19.Na3 Qd8 20.Nb5 Qb8 21.Na3 Qd8  1/2-1/2

[Event "ch-Quebec KO"]
[Site "Montreal CAN"]
[Date "2000.07.15"]
[Round "2.1"]
[White "Mikanovic,G"]
[Black "Desjardins,A"]
[Result "1-0"]
[WhiteElo "2318"]
[BlackElo "2101"]

1.d4 Nf6 2.c4 g6 3.Nc3 Bg7 4.e4 d6 5.Nf3 O-O 6.Be2 e5 7.O-O Nc6 8.d5 Ne7
9.b4 a5 10.Ba3 axb4 11.Bxb4 b6 12.a4 Nd7 13.a5 Nc5 14.axb6 Rxa1 15.Qxa1 cxb6
16.Qa7 Bh6 17.Bxc5 bxc5 18.Rb1 Qd7 19.Qxd7 Bxd7 20.Rb7 Rd8 21.Nb5 Nc8 22.h4 Bc1
23.Rb8 Rf8 24.Nh2 f5 25.exf5 gxf5 26.Nf3 h6 27.h5 Bg5 28.Rb7 Rd8 29.Nxg5 hxg5
30.Nc7 g4 31.Ne6 Bxe6 32.dxe6 Re8 33.Rf7 Rxe6 34.Rxf5 Ne7 35.Rg5+ Kh7 36.Rxg4 Rf6
37.g3 Kh6 38.Kg2 Nf5 39.Rg8 Nd4 40.Bg4 Kh7 41.Re8 Kh6 42.Bd1 Ne6 43.Ra8 Ng5
44.Bg4 Ne4 45.Ra2 Rf8 46.Bf3 Ng5 47.Bd1 Ne4 48.f3 Nc3 49.Rd2 Rf6 50.g4 e4
51.f4 e3 52.g5+ Kh7 53.Bc2+ Kg8 54.Rd3 e2 55.Re3 Rxf4 56.h6 Rf1 57.h7+ Kg7
58.Re8 Ne4 59.h8=Q+ Kg6 60.Bxe4+ Kxg5 61.Qg7+  1-0

[Event "ch-SUI"]
[Site "Pontresina SUI"]
[Date "2000.07.15"]
[Round "3"]
[White "Nemet,I"]
[Black "Jenni,F"]
[Result "0-1"]
[WhiteElo "2412"]
[BlackElo "2440"]

1.d4 Nf6 2.Nf3 g6 3.c4 Bg7 4.Nc3 d6 5.e4 O-O 6.Be2 e5 7.O-O Nc6 8.d5 Ne7
9.Ne1 Nd7 10.Be3 f5 11.f3 f4 12.Bf2 g5 13.Rc1 Ng6 14.c5 Nxc5 15.b4 Na6 16.Nb5 Bd7
17.a4 h5 18.Nd3 b6 19.Be1 Bh6 20.Rc4 Rf7 21.Nf2 Rg7 22.Kh1 Nf8 23.g4 fxg3
24.hxg3 Ng6 25.Rg1 Rh7 26.Rg2 g4 27.Rh2 h4 28.Nxg4 Bxg4 29.fxg4 hxg3 30.Bxg3 Bf4
31.Rxh7 Kxh7 32.Qg1 Kg7 33.Rc2 Qh8+ 34.Bh2 Qh4 35.Nxd6 cxd6 36.Bxa6 Rh8 37.Bf1 Kf6
38.g5+ Qxg5 39.Qxg5+ Kxg5 40.Rg2+ Kf6 41.Rf2 Rc8 42.Bg1 Rc1 43.a5 Rb1 44.axb6 axb6
45.b5 Nh4 46.Bh2 Kg5 47.Bxf4+ exf4 48.Kh2 Rd1 49.Bh3 Rd2 50.Rxd2 Nf3+ 51.Kg2 Nxd2
52.e5 dxe5 53.d6 Kf6 54.d7 Ke7 55.Bf5 Nb3  0-1

[Event "10th Smith & Williamson YM"]
[Site "Witley ENG"]
[Date "2000.07.16"]
[Round "3"]
[White "Werle,J"]
[Black "Gladyszev,O"]
[Result "1/2-1/2"]
[WhiteElo "2311"]
[BlackElo "2349"]

1.Nf3 Nf6 2.c4 g6 3.Nc3 Bg7 4.d4 O-O 5.e4 d6 6.Be2 e5 7.O-O Nc6 8.d5 Ne7
9.b4 Nh5 10.Re1 Nf4 11.Bf1 a5 12.Ba3 axb4 13.Bxb4 Bg4 14.h3 Bxf3 15.Qxf3 c5
16.dxc6 Nxc6 17.a3 Ne6 18.Nb5 Ned4 19.Qd3 Nxb4 20.axb4 Qb6 21.Nxd4 exd4 22.Qd2 Rfe8
23.Bd3 Ra7 24.Ra5 Rea8 25.Rea1 Rxa5 26.bxa5 Qc5 27.g3 Bf6 28.Qb2 Rxa5 29.Rxa5 Qxa5
30.Qxb7 Qc3 31.Qb1 Bg5  1/2-1/2

[Event "ch-SCO"]
[Site "Glasgow SCO"]
[Date "2000.07.17"]
[Round "3"]
[White "Berry,N"]
[Black "Parkin,J"]
[Result "1-0"]
[WhiteElo "2247"]
[BlackElo "2140"]

1.d4 Nf6 2.c4 g6 3.Nc3 Bg7 4.e4 d6 5.Nf3 O-O 6.Be2 e5 7.O-O Nc6 8.d5 Ne7
9.Ne1 Nd7 10.Be3 f5 11.f3 f4 12.Bf2 g5 13.a4 Rf6 14.Nb5 Rh6 15.Nxa7 Rxa7
16.Bxa7 Qe8 17.Nd3 Qh5 18.h3 Nf6 19.Nf2 g4 20.fxg4 Qg5 21.c5 Rh4 22.cxd6 cxd6
23.Rc1 h5 24.Rxc8+ Nxc8 25.Bb8 hxg4 26.Bxg4 Nxg4 27.Nxg4 Rh8 28.Qb3 b6 29.Qc4 Kh7
30.Bc7 Rf8 31.Rf3 Qe7 32.Qc6 Qh4 33.Nf2 Qe7 34.Bxb6 Nxb6 35.Qxb6 Rc8 36.Rc3 Rxc3
37.bxc3 f3 38.Qe3 fxg2 39.Ng4 Qd7 40.Kxg2 Qxa4 41.Qf3 Qc2+ 42.Kg3 Kg8 43.Kh4 Qd2
44.Kh5 Qf4 45.Qxf4 exf4 46.Nf2 Bxc3 47.Kg4 Bd4 48.Nd3 Kf7 49.Kxf4 Kf6 50.h4 Bc3
51.h5 Bd2+ 52.Kg4 Bh6 53.Nb2 Ke5 54.Kf3 Kd4 55.Nd1  1-0

[Event "ch-Quebec KO"]
[Site "Montreal CAN"]
[Date "2000.07.17"]
[Round "2.3"]
[White "Mikanovic,G"]
[Black "Desjardins,A"]
[Result "1-0"]
[WhiteElo "2318"]
[BlackElo "2101"]

1.d4 Nf6 2.c4 g6 3.Nc3 Bg7 4.e4 d6 5.Nf3 O-O 6.Be2 e5 7.O-O Nc6 8.d5 Ne7
9.b4 Nh5 10.Re1 Nf4 11.Bf1 h6 12.c5 g5 13.Nd2 f5 14.g3 Nfg6 15.Bg2 f4 16.Nc4 a6
17.a4 g4 18.Ba3 f3 19.Bf1 h5 20.b5 Rf6 21.b6 dxc5 22.bxc7 Qe8 23.d6 Nc6 24.Nb6 Nd4
25.Nxa8 h4 26.Nd5 Rxd6 27.Bxc5 Rc6 28.Bxd4 exd4 29.Qb3 Kh7 30.Rac1 Re6 31.Nab6 hxg3
32.fxg3 f2+ 33.Kxf2 Ne5 34.Nf4 Rh6 35.Nxc8 Qxc8 36.h4 gxh3 37.Bxh3 Rxh3 38.Nxh3 d3
39.Ng5+ Kg6 40.Qe6+ Qxe6 41.Nxe6 Ng4+ 42.Kg1  1-0

[Event "ch-Paris"]
[Site "Paris FRA"]
[Date "2000.07.20"]
[Round "6"]
[White "Dussol,P"]
[Black "Decroix,R"]
[Result "0-1"]
[WhiteElo "2251"]
[BlackElo "2143"]

1.d4 Nf6 2.c4 g6 3.Nc3 Bg7 4.e4 d6 5.Be2 O-O 6.Nf3 e5 7.O-O Nc6 8.d5 Ne7
9.Bg5 h6 10.Bxf6 Bxf6 11.b4 Bg7 12.Nd2 c6 13.Qb3 Kh7 14.c5 cxd5 15.exd5 Nf5
16.Rac1 Nd4 17.Qc4 f5 18.Nb3 Nxe2+ 19.Qxe2 e4 20.Rfd1 Be5 21.Nb5 Rf7 22.cxd6 a6
23.Nc7 Rb8 24.d7 Rxd7 25.Ne6 Qf6 26.f4 Bd6 27.Nbc5 Re7 28.Rc4 b6 29.Nb3 Bxe6
30.dxe6 Bxf4 31.Nd4 Rbe8 32.Rc6 Be5 33.Nb3 Rxe6 34.Rxe6 Qxe6 35.Qxa6 f4 36.Qb7+ Bg7
37.Rd7 Qf6 38.Rf7 Qc3 39.h4 e3  0-1

[Event "ch-Paris"]
[Site "Paris FRA"]
[Date "2000.07.21"]
[Round "7"]
[White "Sellos,D"]
[Black "Lode,S"]
[Result "1-0"]
[WhiteElo "2372"]
[BlackElo "2207"]

1.d4 Nf6 2.Nf3 g6 3.c4 Bg7 4.Nc3 O-O 5.e4 d6 6.Be2 e5 7.O-O Nc6 8.d5 Ne7
9.b4 Nd7 10.a4 f5 11.Ba3 Nf6 12.Nd2 Bh6 13.Bd3 Bxd2 14.Qxd2 f4 15.Rfc1 g5
16.c5 Ng6 17.b5 b6 18.cxd6 cxd6 19.Nd1 Ne8 20.Bb4 Rf7 21.a5 Rb8 22.axb6 axb6
23.Ra3 g4 24.Qa2 Bb7 25.Rcc3 Rg7 26.Bf1 Nf6 27.Qc2 h5 28.Nb2 Ne8 29.Nc4 Nf8
30.Qa2 Kh8 31.Nxe5 Nf6 32.Nc6 Bxc6 33.dxc6 Nxe4 34.Qd5 Qe8 35.Rc4 Re7 36.Rxe4 Rxe4
37.Bc3+ Re5 38.Qxd6 Ng6 39.Ra7  1-0

[Event "10th Open"]
[Site "Jyvaskyla FIN"]
[Date "2000.07.22"]
[Round "8"]
[White "Franssila,T"]
[Black "Laasanen,T"]
[Result "1-0"]
[WhiteElo "2238"]
[BlackElo "2121"]

1.d4 Nf6 2.c4 g6 3.Nc3 Bg7 4.e4 O-O 5.Nf3 d6 6.Be2 e5 7.O-O Nc6 8.d5 Ne7
9.Ne1 Ne8 10.f4 c6 11.fxe5 dxe5 12.c5 cxd5 13.exd5 Nf5 14.Nf3 Bd7 15.Qb3 Qc7
16.Ne4 Nf6 17.Nxf6+ Bxf6 18.Qc4 a6 19.d6 Qd8 20.g4 e4 21.gxf5 exf3 22.Bxf3 Bb5
23.Qd5 Bxf1 24.Kxf1 Qd7 25.Qxb7 Qxf5 26.Qd5 Qh3+ 27.Bg2 Qxh2 28.Bg5 Bxg5
29.Qxg5 Rab8 30.d7 Kg7 31.Re1 Qc7 32.Qe5+ Qxe5 33.Rxe5 Kf6 34.Re2 Rfd8 35.c6  1-0

[Event "ch-Paris"]
[Site "Paris FRA"]
[Date "2000.07.22"]
[Round "8"]
[White "Belabdelouahab,R"]
[Black "Te,R"]
[Result "0-1"]
[WhiteElo "2142"]
[BlackElo "2280"]

1.d4 g6 2.c4 Nf6 3.Nc3 Bg7 4.e4 d6 5.Nf3 O-O 6.Be2 e5 7.O-O Nc6 8.d5 Ne7
9.Bg5 Nh5 10.Re1 h6 11.Bxe7 Qxe7 12.g3 f5 13.exf5 Bxf5 14.Nh4 Qf7 15.Bxh5 gxh5
16.Nxf5 Qxf5 17.Ne4 h4 18.b4 Qg6 19.Qe2 hxg3 20.hxg3 Rf4 21.Kh2 Rf5 22.c5 Raf8
23.Rac1 Rh5+ 24.Kg2 Rf4 25.f3 Rf7 26.cxd6 cxd6 27.a4 Rhf5 28.Rc3 Bf8 29.a5 a6
30.b5 axb5 31.Qxb5 h5 32.Rh1 Rf4 33.Qe2 Be7 34.Rc7 h4 35.Rxb7 Rxe4 36.Qxe4 Qxg3+
37.Kf1 Rxf3+ 38.Qxf3 Qxf3+ 39.Kg1 Bg5  0-1

[Event "Open"]
[Site "Bergen NOR"]
[Date "2000.07.23"]
[Round "3"]
[White "Sjogren,Bo"]
[Black "Djurhuus,R"]
[Result "0-1"]
[WhiteElo "2190"]
[BlackElo "2484"]

1.d4 Nf6 2.c4 g6 3.Nc3 Bg7 4.e4 d6 5.Nf3 O-O 6.Be2 e5 7.O-O Nc6 8.d5 Ne7
9.b4 Nh5 10.c5 h6 11.Nd2 Nf4 12.Nc4 f5 13.cxd6 cxd6 14.Nb5 Rf6 15.Bxf4 exf4
16.e5 dxe5 17.d6 Nc6 18.Nc7 Rb8 19.Qd5+ Kh7 20.Rad1 Nd4 21.Rxd4 exd4 22.Qxd4 b5
23.Rd1 bxc4 24.d7 Qxd7 25.Qxd7 Bxd7 26.Rxd7 c3 27.Bd3 Rc6  0-1

[Event "KB Czech Open"]
[Site "Pardubice CZE"]
[Date "2000.07.24"]
[Round "4"]
[White "Dobrov,V"]
[Black "Shinkevich,V"]
[Result "1-0"]
[WhiteElo "2339"]
[BlackElo "2424"]

1.d4 Nf6 2.Nf3 g6 3.c4 Bg7 4.Nc3 O-O 5.e4 d6 6.Be2 e5 7.O-O Nc6 8.d5 Ne7
9.b4 Nh5 10.Re1 f5 11.Ng5 Nf6 12.Bf3 c6 13.Be3 Ne8 14.Qb3 f4 15.Bd2 h6 16.Ne6 Bxe6
17.dxe6 Nc7 18.c5 d5 19.exd5 cxd5 20.Rad1 e4 21.Bxe4 dxe4 22.Bc1 Qe8 23.Rd7 Bxc3
24.Qxc3 Ncd5 25.Qd4 Nf6 26.Bb2 Nf5 27.Qe5 e3 28.fxe3 Nxe3 29.Bc3 Qb8 30.Rd6 Nc4
31.Qxf4 Nxd6 32.cxd6 Nd5 33.Qxh6 Nxc3 34.Qxg6+ Kh8 35.e7 Qe8 36.exf8=Q+ Qxf8
37.d7  1-0

[Event "MTO Open"]
[Site "Biel SUI"]
[Date "2000.07.25"]
[Round "2"]
[White "Schaufelberger,H"]
[Black "Isler,P"]
[Result "1-0"]
[WhiteElo "2264"]
[BlackElo "2119"]

1.Nf3 g6 2.d4 Bg7 3.c4 Nf6 4.Nc3 O-O 5.e4 d6 6.Be2 Nc6 7.O-O e5 8.d5 Ne7
9.Nd2 Nd7 10.b4 a5 11.bxa5 Rxa5 12.Nb3 Ra8 13.a4 f5 14.f3 b6 15.a5 bxa5 16.Be3 Nf6
17.c5 f4 18.Bf2 g5 19.Rxa5 Rxa5 20.Nxa5 h5 21.c6 g4 22.Nb7 Qe8 23.Nb5 gxf3
24.gxf3 Bh3 25.Kh1 Bxf1 26.Bxf1 Qg6 27.Nxc7 Nxe4 28.fxe4 Qxe4+ 29.Bg2 f3
30.Bf1 Nf5 31.Bd3 Qg4 32.Qg1 Nd4 33.Nxd6 Rf4 34.Nce8 Qxg1+ 35.Kxg1 Ne2+ 36.Kf1 Ra4
37.Bxe2 fxe2+ 38.Kxe2 Ra2+ 39.Kf1 Ra1+ 40.Kg2 Rc1 41.c7  1-0